000 00287nam a22001217a 4500
020 _a81-7024-420-X
082 _a621.47 GHO'S
100 _aGHOSH, G.K
_962248
245 _aSOLAR ENERGY ,THE INFINITE SOURCE
260 _aNEW DELHI
_bS.B. NANGIA
_c1991
300 _a121P
942 _cBK
999 _c571415
_d571415